Ten years of monitoring forest condition in Europe : studies on temporal development, spatial distribution and impacts of natural and anthropogenic stress factors : overview report

Αποθηκεύτηκε σε:
Λεπτομέρειες βιβλιογραφικής εγγραφής
Συλλογικό Έργο: Convention on Long-Range Transboundary Air Pollution, International Co-operative Programme on Assessment and Monitoring of Air Pollution Effects on Forests, European Union Scheme on the Protection of Forests Against Atmospheric Pollution
Άλλοι συγγραφείς: Muller-Edzards, Christian
Μορφή: Βιβλίο
Γλώσσα:English
Δημοσίευση: Brussels, Geneva : United Nations Economic Commission for Europe; European Commission, 1997
Θέματα:
Ετικέτες: Προσθήκη ετικέτας
Δεν υπάρχουν, Καταχωρήστε ετικέτα πρώτοι!

MARC

LEADER 00000nam a2200000 i 4500
001 1/33176
008 060804s1997 eng d
020 |a 3-926301-01-5 
035 |l 10084877 
040 |a GR-MY-UA  |b gre  |e aacr 
041 0 |a eng 
082 0 |a 634.9094  |2 (22) 
245 1 0 |a Ten years of monitoring forest condition in Europe :  |b studies on temporal development, spatial distribution and impacts of natural and anthropogenic stress factors : overview report /  |c Christian Muller-Edzards ... [et al.] ; Convention on Long-range Transboundary Air Pollution, International Co-operative Programme on Assessment and Monitoring of Air Pollution Effects on Forests and European Union Scheme on the Protection of Forests against Atmospheric Pollution 
260 |a Brussels, Geneva :   |b United Nations Economic Commission for Europe; European Commission,   |c 1997 
300 |a vii, 19 σ.;  |c 30 εκ. 
500 |a Compiled by: Federal Research Centre for Forestry and Forest Products 
650 0 0 |a Forests and forestry  |z Europe  |x Mensuration. 
650 0 0 |a Forest surveys  |z Europe. 
650 0 0 |a Trees  |x Effect of air pollution on  |z Europe. 
700 1 |a Muller-Edzards, Christian. 
710 2 |a Convention on Long-Range Transboundary Air Pollution. 
710 2 |a International Co-operative Programme on Assessment and Monitoring of Air Pollution Effects on Forests. 
710 2 |a European Union Scheme on the Protection of Forests Against Atmospheric Pollution. 
852 |a INST  |b LESVOS  |e 20060804  |h 634.9094 MUL  |p 005100036449  |q 005100036449  |t BK  |y 0 
901 |a BIBL1-2006-2 
909 |a Λ  |b 103447 
920 |a ECONOMIC COMMISSION FOR EUROPE  |y ΛΕΣΒΟΣ  |z 2003-01 
970 |a ΚΑΡΑ  |b ΓΙΑΣΕΜΗ  |z 2006/08/04